00926cam a22002651 45000010005000000030008000050050017000130080041000300350018000710350018000890400058001070410008001650820021001731000031001942450118002252500026003432600056003693000026004255000035004515040035004866500038005216500031005596500032005906500038006222409BD-RjUL20211208233538.0160730r19601945enk b 001 0 eng c a(BD-RjUL)2436 a(OCoLC)552806 aNew York. Public Libr.cOAUdOCoLCdDLCdBD-RjULbeng aeng a332.1bMAB 1960 1 aMackenzie, Kenneth,d1862-14aThe banking systems of Great Britain, France, Germany, & the United States of America /cby Kenneth Mackenzie ... a3d ed., rev. and enl. aLondon :bMacmillan and Co.,c1945 [reprinted 1960] axxi, 284 p. ;c19 cm. a"First edition February 1932." aBibliography: p. 276.and index 0aBanks and bankingzGreat Britain. 0aBanks and bankingzFrance. 0aBanks and bankingzGermany. 0aBanks and bankingzUnited States.